Statistics for Largest Cities/Towns in Oceania Beginning With 'L'

Click here to take the quiz!

General Stats

  • This quiz has been taken 23 times
  • The average score is 3 of 9

Answer Stats

#PopulationCountryAnswer% Correct
1148,934Papua New GuineaLae
74%
393,332AustraliaLaunceston
53%
2111,500New ZealandLower Hutt
53%
471,573FijiLautoka
37%
921,398United StatesLahaina - Napili-Honokowai
16%
726,601FijiLabasa
11%
824,637FijiLami
11%
528,844AustraliaLismore
11%
627,620New CaledoniaLe Mont-Dore
5%

Score Distribution

Percentile by Number Answered

Percent of People with Each Score

Your Score History

You have not taken this quiz